| 000 | 00822nam a2200205Ia 4500 | ||
|---|---|---|---|
| 005 | 20241216011454.0 | ||
| 008 | 190429s9999||||xx |||||||||||||| ||und|| | ||
| 082 |
_a348.023 _bL46 |
||
| 100 | _aLEON ORIHUELA BETZABE, ROBLES CHAMORRO HADA | ||
| 245 | 0 | _aCODIGO TRIBUTARIO Y SU INCIDENCIA EN EL CUMPLIMIENTO DEL IMPUESTO A LA RENTA DE LAS EMPRESAS COMERCIALES DEL DISTRITO DE YANACANCHA 2006 | |
| 250 | _a0 | ||
| 260 |
_aCERRO DE PASCO-PERU _bUNDAC _c2008 |
||
| 300 |
_a63 pag. _c30 cm. |
||
| 341 | _h0 | ||
| 490 |
_v0 _a0 |
||
| 505 | _aPLANTEAMIENTO DE PROBLEMA,MARCO TEORICO DE A INVESTIGACION,METODOL0GIA Y TECNICA DE INVESTIGACION,ANALISIS E INTERPRETACION DE RESULTADOS OBTENIDO, CONCLUSIONES, RECOMENDACIONES. | ||
| 541 |
_aD _bLEON ORIHUELA BETZABE _d25-Apr-16 _oSoles |
||
| 650 | _aContabilidad | ||
| 942 | _cTESIS | ||
| 999 |
_c42828 _d42828 |
||